[Event "3. ODEM U25 2006"]
[Site "Willingen GER"]
[Date "2006.06.06"]
[Round "4"]
[White "Wisheckel, Florian"]
[Black "Jung, Gerhard"]
[Result "0-1"]
[Termination "normal"]
[Board "26"]
[WhiteElo "1482"]
[BlackElo "1836"]
[PlyCount "60"]
[WhiteFideId "24678090"]
[BlackFideId "24629812"]
[EventCountry "GER"]
[EventRounds "9"]
[EventType "swiss"]
[EventDate "2006.06.03"]

1. e4 e5 2. Nf3 Nc6 3. Nc3 Nf6 4. Bc4 Nxe4 5. Bxf7+ Kxf7 6. Nxe4 Be7 7. d3 Rf8
8. Nfg5+ Kg8 9. Nf3 d5 10. Ng3 Bg4 11. c3 Qe8 12. Ne2 Bxf3 13. gxf3 Rxf3 14.
Rg1 Qf7 15. Be3 Bh4 16. Ng3 Rf8 17. Qe2 d4 18. O-O-O dxe3 19. fxe3 Rf2 20. Qg4
Bxg3 21. Qxg3 g6 22. Kb1 Qf3 23. Qg4 Qxg4 24. Rxg4 Rxh2 25. d4 Rff2 26. dxe5
Rxb2+ 27. Ka1 Rxa2+ 28. Kb1 Rhb2+ 29. Kc1 Na5 30. e6 Nb3# 0-1

[Event "3. ODEM U25 2006"]
[Site "Willingen GER"]
[Date "2006.06.06"]
[Round "4"]
[White "Schmalz, David"]
[Black "Wierum, Colin"]
[Result "1/2-1/2"]
[Termination "normal"]
[Board "27"]
[WhiteElo "1809"]
[BlackElo "1459"]
[PlyCount "135"]
[WhiteFideId "4642228"]
[BlackFideId "24677981"]
[EventCountry "GER"]
[EventRounds "9"]
[EventType "swiss"]
[EventDate "2006.06.03"]

1. e4 d5 2. exd5 Qxd5 3. Nc3 Qa5 4. d4 Nf6 5. Bc4 Nc6 6. Bd2 Nxd4 7. Nb5 Qb6 8.
Be3 c5 9. Bxd4 cxd4 10. Qxd4 Qxd4 11. Nxd4 Bg4 12. f3 Bh5 13. O-O-O O-O-O 14.
Nge2 e6 15. h4 h6 16. Nf4 Bc5 17. c3 e5 18. Nxh5 Nxh5 19. Bxf7 exd4 20. Bxh5
dxc3 21. bxc3 Rxd1+ 22. Rxd1 Rd8 23. Bg4+ Kc7 24. Re1 Rd3 25. Kc2 Re3 26. Rd1
Re2+ 27. Kb3 Bd6 28. Bh3 Re7 29. Rd4 b6 30. Bf5 Re5 31. Bg6 Re6 32. Rc4+ Bc5
33. Rg4 Bd6 34. Bf5 Re7 35. Rg6 Be5 36. Rg4 Bd6 37. a4 Be5 38. Rc4+ Kd6 39. Rc8
Bf6 40. Rd8+ Kc7 41. Ra8 Kd6 42. h5 Rc7 43. c4 Re7 44. Rd8+ Kc7 45. Rc8+ Kd6
46. Rd8+ Kc7 47. Rd2 Re3+ 48. Ka2 Re7 49. Be4 Rd7 50. Re2 Re7 51. Kb3 Rd7 52.
Kc2 Rd4 53. Bd5 Rh4 54. Bf7 Rd4 55. g3 Rd7 56. Bd5 Re7 57. Be4 Kd6 58. Kb3 Kc5
59. Rd2 Bd4 60. Ra2 a5 61. Re2 Re6 62. Rd2 Re7 63. Rd3 Re6 64. Bg6 Re3 65. f4
Rxd3+ 66. Bxd3 Bf6 67. Be4 Kd4 68. Bc6 1/2-1/2

[Event "3. ODEM U25 2006"]
[Site "Willingen GER"]
[Date "2006.06.06"]
[Round "4"]
[White "Eigemann, Julian"]
[Black "Billing, Alexander"]
[Result "0-1"]
[Termination "normal"]
[Board "28"]
[WhiteElo "1468"]
[BlackElo "1790"]
[PlyCount "66"]
[WhiteFideId "24666599"]
[BlackFideId "24624420"]
[EventCountry "GER"]
[EventRounds "9"]
[EventType "swiss"]
[EventDate "2006.06.03"]

1. f4 d5 2. Nf3 Nf6 3. e3 Bf5 4. b3 e6 5. Bb2 Bd6 6. Be2 Nbd7 7. O-O c6 8. Ne5
Qc7 9. Nxd7 Qxd7 10. Bxf6 gxf6 11. Nc3 O-O-O 12. Rf3 h5 13. h3 Rdg8 14. Qe1 h4
15. Kh2 e5 16. Qf1 e4 17. Rf2 Rg3 18. a4 Bb4 19. Nb1 Rhg8 20. c3 Bc5 21. b4
Bxe3 22. dxe3 Rxe3 23. Bg4 Bxg4 24. hxg4 Qxg4 25. Raa2 h3 26. gxh3 Rh8 27. Kh1
Rexh3+ 28. Rh2 Qg3 29. Qg1 Qf3+ 30. Rag2 Rxh2+ 31. Qxh2 Rxh2+ 32. Kxh2 Qxf4+
33. Kh3 e3 0-1

[Event "3. ODEM U25 2006"]
[Site "Willingen GER"]
[Date "2006.06.06"]
[Round "4"]
[White "Armbrust, Matthias"]
[Black "Kabitzke, Julian"]
[Result "1-0"]
[Termination "normal"]
[Board "29"]
[WhiteElo "1739"]
[BlackElo "1363"]
[PlyCount "63"]
[BlackFideId "24669547"]
[EventCountry "GER"]
[EventRounds "9"]
[EventType "swiss"]
[EventDate "2006.06.03"]

1. e4 e6 2. d4 d5 3. Nd2 Nf6 4. e5 Nfd7 5. Bd3 c5 6. c3 Nc6 7. Ne2 cxd4 8. cxd4
f6 9. Nf4 Nxd4 10. Qh5+ Ke7 11. Ng6+ hxg6 12. exf6+ Nxf6 13. Qxh8 Nc2+ 14. Bxc2
Kf7 15. O-O Qc7 16. Bb3 Bd7 17. Nf3 Re8 18. Ng5+ Ke7 19. Bd2 Kd8 20. Rac1 Qb8
21. Qh4 Bd6 22. Bc2 Ke7 23. Bxg6 Rh8 24. Nh7 Qg8 25. Bg5 Be5 26. Qb4+ Bd6 27.
Qh4 Be5 28. Rfe1 Qb8 29. Re2 a5 30. Rce1 Bd6 31. Bxf6+ gxf6 32. Qxf6# 1-0

[Event "3. ODEM U25 2006"]
[Site "Willingen GER"]
[Date "2006.06.06"]
[Round "4"]
[White "Kahleys, Kevin"]
[Black "Weber, Andre"]
[Result "1/2-1/2"]
[Termination "normal"]
[Board "31"]
[WhiteElo "1448"]
[BlackElo "1611"]
[PlyCount "29"]
[WhiteFideId "24669601"]
[BlackFideId "24677515"]
[EventCountry "GER"]
[EventRounds "9"]
[EventType "swiss"]
[EventDate "2006.06.03"]

1. e4 c5 2. Nf3 e6 3. d4 cxd4 4. Nxd4 a6 5. Nc3 Qc7 6. Bd3 Nc6 7. Nxc6 bxc6 8.
O-O Bc5 9. Qg4 g6 10. Qf3 d5 11. exd5 cxd5 12. Re1 Ne7 13. Bg5 Bb7 14. Bxe7
Bxe7 15. Qe3 1/2-1/2

[Event "3. ODEM U25 2006"]
[Site "Willingen GER"]
[Date "2006.06.06"]
[Round "4"]
[White "Mertens, Fridolin"]
[Black "Tsoumanis, Konstantinos"]
[Result "1/2-1/2"]
[Termination "normal"]
[Board "32"]
[WhiteElo "1694"]
[BlackElo "1322"]
[PlyCount "53"]
[WhiteFideId "24671940"]
[EventCountry "GER"]
[EventRounds "9"]
[EventType "swiss"]
[EventDate "2006.06.03"]

1. e4 e5 2. Nf3 Nc6 3. Bb5 a6 4. Ba4 Nf6 5. O-O b5 6. Bb3 Be7 7. Re1 Bb7 8. c3
d6 9. d4 O-O 10. Bg5 exd4 11. cxd4 Re8 12. Bxf6 Bxf6 13. Nc3 Na5 14. Bc2 Nc4
15. b3 Nb6 16. Qd2 c5 17. Rad1 Rc8 18. dxc5 dxc5 19. Nd5 Nxd5 20. exd5 Rxe1+
21. Nxe1 Qd6 22. Nf3 c4 23. bxc4 Rxc4 24. Re1 Rc8 25. Qd3 g6 26. Bb3 Rc3 27.
Qd2 1/2-1/2

[Event "3. ODEM U25 2006"]
[Site "Willingen GER"]
[Date "2006.06.06"]
[Round "4"]
[White "Biebinger, Eva"]
[Black "Szczap, Arthur"]
[Result "0-1"]
[Termination "normal"]
[Board "33"]
[WhiteElo "1344"]
[BlackElo "1631"]
[PlyCount "72"]
[BlackFideId "24637394"]
[EventCountry "GER"]
[EventRounds "9"]
[EventType "swiss"]
[EventDate "2006.06.03"]

1. c4 c5 2. Nc3 Nc6 3. g3 g6 4. Bg2 Bg7 5. e3 e6 6. Nge2 Nge7 7. O-O O-O 8. d4
cxd4 9. Nxd4 Nxd4 10. exd4 Nf5 11. Ne2 d6 12. Rb1 Qb6 13. d5 e5 14. b3 Bh6 15.
Kh1 Bxc1 16. Rxc1 Qa5 17. Rc2 Nh6 18. Qd2 Qxd2 19. Rxd2 f5 20. Nc3 Bd7 21. Re2
a6 22. a4 a5 23. h3 f4 24. gxf4 Rxf4 25. Re4 Raf8 26. Rxf4 Rxf4 27. Ne2 Rf7 28.
f4 exf4 29. Nxf4 Nf5 30. Kh2 Nd4 31. Ne6 Rxf1 32. Bxf1 Nxe6 33. dxe6 Bxe6 34.
Be2 Bf5 35. Bd1 Kf7 36. Kg3 Kf6 0-1

[Event "3. ODEM U25 2006"]
[Site "Willingen GER"]
[Date "2006.06.06"]
[Round "4"]
[White "Kamrla, Robin"]
[Black "Gussenberg, Torben"]
[Result "1-0"]
[Termination "normal"]
[Board "34"]
[WhiteElo "1532"]
[BlackElo "1140"]
[PlyCount "41"]
[EventCountry "GER"]
[EventRounds "9"]
[EventType "swiss"]
[EventDate "2006.06.03"]

1. e4 c6 2. d4 d5 3. e5 Bf5 4. Bd3 Bxd3 5. Qxd3 e6 6. Nf3 Nd7 7. O-O c5 8. c3
Ne7 9. Be3 Nc6 10. Nbd2 Be7 11. h3 O-O 12. Nh2 a6 13. f4 c4 14. Qc2 b5 15. f5
b4 16. Rf3 Qc7 17. Raf1 Bd8 18. f6 g6 19. Bh6 Re8 20. Nb1 a5 21. Qd2 1-0

[Event "3. ODEM U25 2006"]
[Site "Willingen GER"]
[Date "2006.06.06"]
[Round "4"]
[White "Gogol, Max"]
[Black "Rummer, Evi"]
[Result "1-0"]
[Termination "normal"]
[Board "35"]
[WhiteElo "1220"]
[BlackElo "1530"]
[PlyCount "71"]
[WhiteFideId "4620429"]
[BlackFideId "12900117"]
[EventCountry "GER"]
[EventRounds "9"]
[EventType "swiss"]
[EventDate "2006.06.03"]

1. d4 Nf6 2. Nf3 e6 3. c3 b6 4. e3 Bb7 5. Bd3 Be7 6. O-O O-O 7. Nbd2 d5 8. Qe2
Nbd7 9. e4 c5 10. e5 Ng4 11. Ne1 f5 12. exf6 Ndxf6 13. Qxe6+ Kh8 14. h3 Bc8 15.
Qe2 Nh6 16. Ndf3 Nf7 17. Ng5 Nxg5 18. Bxg5 Ne4 19. Bxe7 Qxe7 20. f3 Qg5 21.
fxe4 Bxh3 22. Nf3 Qg3 23. Nh2 Qg5 24. Rxf8+ Rxf8 25. Rf1 Re8 26. Qf3 Be6 27. e5
cxd4 28. cxd4 h6 29. Qf4 Qh5 30. Qg3 Rc8 31. Qg6 Qxg6 32. Bxg6 Kg8 33. Bf5 Bxf5
34. Rxf5 Rc2 35. e6 Rxb2 36. e7 1-0

[Event "3. ODEM U25 2006"]
[Site "Willingen GER"]
[Date "2006.06.06"]
[Round "4"]
[White "Brühan, Jan"]
[Black "Schäfer, Simon"]
[Result "0-1"]
[Termination "normal"]
[Board "37"]
[WhiteElo "1007"]
[BlackElo "1488"]
[PlyCount "36"]
[EventCountry "GER"]
[EventRounds "9"]
[EventType "swiss"]
[EventDate "2006.06.03"]

1. e4 c5 2. Nf3 d6 3. Bc4 Nc6 4. Nc3 Nf6 5. d3 g6 6. Bg5 Bg7 7. Bb5 Bd7 8. d4
cxd4 9. Nxd4 O-O 10. Bxc6 Bxc6 11. Nxc6 bxc6 12. Bxf6 Bxf6 13. Qe2 Qa5 14. Qe3
Rab8 15. Rb1 Bxc3+ 16. Kf1 Rxb2 17. Rxb2 Bxb2 18. Qe1 Qxa2 0-1

[Event "3. ODEM U25 2006"]
[Site "Willingen GER"]
[Date "2006.06.06"]
[Round "4"]
[White "Dräger, Julian"]
[Black "Müller, Alexander"]
[Result "0-1"]
[Termination "normal"]
[Board "38"]
[WhiteElo "1125"]
[BlackElo "1469"]
[PlyCount "126"]
[BlackFideId "4624696"]
[EventCountry "GER"]
[EventRounds "9"]
[EventType "swiss"]
[EventDate "2006.06.03"]

1. e4 c5 2. Nf3 d6 3. d4 cxd4 4. Nxd4 Bd7 5. Nc3 g6 6. Be3 Bg7 7. Qd2 Nf6 8. f3
Nc6 9. O-O-O a6 10. h4 Rc8 11. Bh6 Nxe4 12. Nxe4 Bxd4 13. c3 Ba7 14. Re1 Be6
15. Bc4 Nd4 16. Bxe6 Nxe6 17. g4 Qc7 18. f4 Kd7 19. Ng5 Nxg5 20. Bxg5 Rce8 21.
Re2 h6 22. Bxe7 Rxe7 23. Rxe7+ Kxe7 24. Qe2+ Kd7 25. Re1 Qd8 26. Qe4 Kc8 27.
Qc4+ Qc7 28. Qxc7+ Kxc7 29. Re7+ Kc6 30. Rxf7 Be3+ 31. Kc2 g5 32. hxg5 hxg5 33.
f5 Rh4 34. f6 Rxg4 35. Rg7 Rf4 36. f7 b5 37. Kd3 Bb6 38. b3 g4 39. c4 g3 40.
cxb5+ axb5 41. b4 g2 42. Rxg2 Rxf7 43. Rc2+ Kd5 44. a3 Rf3+ 45. Ke2 Rxa3 46.
Rd2+ Bd4 47. Rd1 Rb3 48. Kd2 Rxb4 49. Kd3 Rb3+ 50. Kc2 Rc3+ 51. Kd2 b4 52. Rb1
b3 53. Kd1 Kc4 54. Kd2 Rc2+ 55. Kd1 Kc3 56. Ke1 b2 57. Kd1 Be3 58. Ke1 Rc1+ 59.
Rxc1+ bxc1=Q+ 60. Ke2 Qg1 61. Kf3 d5 62. Ke2 Qf2+ 63. Kd1 Qd2# 0-1

[Event "3. ODEM U25 2006"]
[Site "Willingen GER"]
[Date "2006.06.06"]
[Round "4"]
[White "Huynh, Nhi Lang"]
[Black "Bauer, Hermann"]
[Result "1-0"]
[Termination "normal"]
[Board "39"]
[WhiteElo "1464"]
[BlackElo "1022"]
[PlyCount "47"]
[WhiteFideId "24669180"]
[BlackFideId "24601730"]
[EventCountry "GER"]
[EventRounds "9"]
[EventType "swiss"]
[EventDate "2006.06.03"]

1. c4 g6 2. Nc3 Bg7 3. g3 d6 4. Bg2 Nc6 5. Nf3 e6 6. O-O Nge7 7. d4 O-O 8. Bg5
Qe8 9. Qd2 Rb8 10. Ne4 f5 11. Nc3 a6 12. Bh6 Rf7 13. e4 Qf8 14. Bxg7 Qxg7 15.
Rac1 b5 16. cxb5 fxe4 17. Nxe4 Rxf3 18. Bxf3 Rxb5 19. Bg2 Nxd4 20. Rxc7 Rxb2
21. Qg5 Ndf5 22. Nxd6 Kf8 23. Rxc8+ Nxc8 24. Qd8# 1-0

[Event "3. ODEM U25 2006"]
[Site "Willingen GER"]
[Date "2006.06.06"]
[Round "4"]
[White "Lebeda, Lukas"]
[Black "Worpenberg, Matthias"]
[Result "0-1"]
[Termination "normal"]
[Board "44"]
[WhiteElo "1253"]
[BlackElo "951"]
[PlyCount "96"]
[BlackFideId "24618128"]
[EventCountry "GER"]
[EventRounds "9"]
[EventType "swiss"]
[EventDate "2006.06.03"]

1. c4 e5 2. g3 Nf6 3. Bg2 Bc5 4. Nc3 c6 5. d3 d5 6. Bg5 Be6 7. Nf3 Nbd7 8. O-O
Nb6 9. Nxe5 dxc4 10. dxc4 Nxc4 11. Nxc4 Bxc4 12. Qc2 Qe7 13. Bxf6 Qxf6 14. Ne4
Qg6 15. Qxc4 Be7 16. Nc3 O-O-O 17. e3 Qf5 18. h4 g5 19. Kh2 Qe5 20. hxg5 Bxg5
21. f4 Qxe3 22. fxg5 Qxg5 23. Qxf7 h5 24. Qf5+ Qxf5 25. Rxf5 h4 26. gxh4 Rxh4+
27. Bh3 Rd3 28. Rh5+ Rdxh3+ 29. Kg2 Rxh5 30. Rb1 Rh2+ 31. Kg3 Rh1 32. Kg2 Rxb1
33. Nxb1 Rb5 34. b3 c5 35. Kf3 c4 36. Nd2 c3 37. b4 c2 38. Nb3 Rxb4 39. Ke2
Rxb3 40. Kd2 Rb2 41. Kc1 Rxa2 42. Kd2 b5 43. Kc1 b4 44. Kd2 b3 45. Kc1 Ra1+ 46.
Kb2 c1=Q+ 47. Kxb3 Rb1+ 48. Ka2 Qb2# 0-1

[Event "3. ODEM U25 2006"]
[Site "Willingen GER"]
[Date "2006.06.06"]
[Round "4"]
[White "Weißbeck, Joachim Daniel"]
[Black "Groß, Jonathan"]
[Result "1/2-1/2"]
[Termination "normal"]
[Board "45"]
[WhiteElo "1233"]
[BlackElo "1008"]
[PlyCount "57"]
[WhiteFideId "4639227"]
[EventCountry "GER"]
[EventRounds "9"]
[EventType "swiss"]
[EventDate "2006.06.03"]

1. e4 e5 2. Nf3 Nc6 3. Bb5 d6 4. O-O Nf6 5. Nc3 Bd7 6. d4 Nxd4 7. Bxd7+ Qxd7 8.
Nxd4 exd4 9. Qxd4 Be7 10. Re1 c5 11. Qd3 Ng4 12. Qb5 Qxb5 13. Nxb5 Kd7 14. Bf4
Kc6 15. Na3 Bf6 16. c3 b5 17. Red1 Rad8 18. Rd2 Rd7 19. h3 Ne5 20. Rc1 Re8 21.
Bh2 d5 22. Rcd1 d4 23. cxd4 cxd4 24. f4 Nc4 25. Nxc4 bxc4 26. e5 Bd8 27. Kf1
Bb6 28. Bg1 Red8 29. Rc1 1/2-1/2

[Event "3. ODEM U25 2006"]
[Site "Willingen GER"]
[Date "2006.06.06"]
[Round "4"]
[White "Plumbaum, Nadja"]
[Black "Hauffen, Kai"]
[Result "1/2-1/2"]
[Termination "normal"]
[Board "47"]
[WhiteElo "971"]
[BlackElo "1218"]
[PlyCount "31"]
[WhiteFideId "24691941"]
[EventCountry "GER"]
[EventRounds "9"]
[EventType "swiss"]
[EventDate "2006.06.03"]

1. c4 c5 2. Nc3 Nc6 3. Nf3 Nf6 4. g3 e6 5. Bg2 Be7 6. O-O O-O 7. d3 d5 8. cxd5
Nxd5 9. Bd2 b6 10. Rc1 Bb7 11. a3 Nxc3 12. Bxc3 Qc8 13. Qd2 Rd8 14. Rc2 Qd7 15.
Rfc1 c4 16. dxc4 1/2-1/2

[Event "3. ODEM U25 2006"]
[Site "Willingen GER"]
[Date "2006.06.06"]
[Round "4"]
[White "Knies, Jonas"]
[Black "Usov, Andreas"]
[Result "0-1"]
[Termination "normal"]
[Board "48"]
[WhiteElo "1191"]
[BlackElo "1126"]
[PlyCount "112"]
[WhiteFideId "4635167"]
[BlackFideId "24601713"]
[EventCountry "GER"]
[EventRounds "9"]
[EventType "swiss"]
[EventDate "2006.06.03"]

1. e4 e5 2. Bc4 Nf6 3. d3 Nc6 4. Nc3 d6 5. Bg5 Be7 6. Be3 O-O 7. f4 Ng4 8. Bd2
Bh4+ 9. g3 Bf6 10. h3 Nh6 11. g4 exf4 12. Bxf4 Bg5 13. Qd2 Bxf4 14. Qxf4 Kh8
15. Nf3 Be6 16. g5 Ng8 17. h4 Bxc4 18. dxc4 f6 19. Qg4 Qc8 20. Qg3 f5 21. O-O-O
fxe4 22. Nxe4 Qe6 23. Nfd2 Nd4 24. Rde1 Qf5 25. Rhf1 Qd7 26. Qd3 Ne6 27. Nb3 b6
28. h5 Nf4 29. Qd1 Qa4 30. h6 Ne6 31. hxg7+ Nxg7 32. Nf6 Qxc4 33. Qd2 Qf7 34.
Qd3 Nxf6 35. Rxf6 Qh5 36. Qd5 Rfe8 37. Rh1 Qg4 38. Rfh6 Ne6 39. Rxh7+ Kg8 40.
Nd4 Qxd4 41. Rh8+ Qxh8 42. Rxh8+ Kxh8 43. Qh1+ Kg8 44. g6 Kg7 45. Qh7+ Kf6 46.
Qf7+ Ke5 47. g7 Rg8 48. Qh5+ Kf6 49. Qh6+ Ke7 50. Qh4+ Kd7 51. Qa4+ c6 52. Qa6
Kc7 53. Qe2 Nc5 54. Qe7+ Nd7 55. Kd2 a6 56. Ke3 Rae8 0-1

[Event "3. ODEM U25 2006"]
[Site "Willingen GER"]
[Date "2006.06.06"]
[Round "4"]
[White "Stövesand, Peter"]
[Black "Naundorf, Jo-Jan"]
[Result "1-0"]
[Termination "normal"]
[Board "49"]
[WhiteElo "1050"]
[BlackElo "1244"]
[PlyCount "123"]
[WhiteFideId "1270624"]
[EventCountry "GER"]
[EventRounds "9"]
[EventType "swiss"]
[EventDate "2006.06.03"]

1. e4 c5 2. Nf3 d6 3. d4 cxd4 4. Nxd4 Nf6 5. Nc3 g6 6. f3 Bg7 7. Be3 O-O 8. Qd2
Nc6 9. O-O-O Bd7 10. h4 a6 11. h5 Nxh5 12. Bh6 Ng3 13. Rh2 Nxf1 14. Rxf1 Nxd4
15. Bxg7 Kxg7 16. Qxd4+ f6 17. Rfh1 Rh8 18. Qd2 h5 19. g4 e5 20. gxh5 g5 21.
Qxd6 Bc6 22. Qe6 Qe8 23. h6+ Kg6 24. Qg4 Kh7 25. Nd5 Bxd5 26. exd5 Rd8 27. Qf5+
Qg6 28. Qe6 Rhe8 29. Qb6 Qf7 30. c4 Qe7 31. Qe3 Qf7 32. Qd3+ Qg6 33. Qxg6+ Kxg6
34. Kd2 Kh7 35. Ke3 f5 36. Rh5 Rg8 37. Rg1 g4 38. fxg4 Rxg4 39. Rxg4 fxg4 40.
Rxe5 Rg8 41. Kf2 Kxh6 42. Kg3 Rg5 43. Re4 Kg6 44. Rxg4 Rxg4+ 45. Kxg4 Kf6 46.
Kf4 b6 47. Ke4 Ke7 48. Ke5 Kd7 49. b4 Ke7 50. c5 bxc5 51. bxc5 Kd7 52. d6 a5
53. a4 Kd8 54. Ke6 Ke8 55. c6 Kd8 56. c7+ Kc8 57. Ke7 Kb7 58. d7 Ka7 59. c8=Q
Kb6 60. d8=R Ka7 61. Qc7+ Ka6 62. Rd6# 1-0

[Event "3. ODEM U25 2006"]
[Site "Willingen GER"]
[Date "2006.06.06"]
[Round "4"]
[White "Heinrich, Philipp"]
[Black "Neumair, Dorian"]
[Result "1-0"]
[Termination "normal"]
[Board "50"]
[WhiteElo "1180"]
[BlackElo "950"]
[PlyCount "59"]
[EventCountry "GER"]
[EventRounds "9"]
[EventType "swiss"]
[EventDate "2006.06.03"]

1. e4 e5 2. Nf3 Nc6 3. Bc4 Bc5 4. c3 Nge7 5. d4 exd4 6. cxd4 Bb6 7. Nc3 d6 8.
Bf4 f5 9. O-O Ng6 10. Bg5 Nce7 11. a4 a6 12. b4 h6 13. Bxe7 Nxe7 14. exf5 Bxf5
15. Re1 Qd7 16. Nd5 Be6 17. Nxb6 cxb6 18. Rxe6 O-O-O 19. Qc2 Kb8 20. Rae1 Ng8
21. b5 a5 22. Qg6 Nf6 23. Re7 Qc8 24. Be6 Nd7 25. Qxg7 Rhg8 26. Bxg8 Rxg8 27.
Qxh6 Nf8 28. Qxd6+ Ka7 29. Re8 Qg4 30. Qb8# 1-0

[Event "3. ODEM U25 2006"]
[Site "Willingen GER"]
[Date "2006.06.06"]
[Round "4"]
[White "Berger, Manuel"]
[Black "Giesen, Frank"]
[Result "1-0"]
[Termination "normal"]
[Board "51"]
[WhiteElo "1129"]
[BlackElo "901"]
[PlyCount "131"]
[WhiteFideId "24692506"]
[EventCountry "GER"]
[EventRounds "9"]
[EventType "swiss"]
[EventDate "2006.06.03"]

1. c4 e5 2. Nc3 Nf6 3. e4 Nc6 4. g3 Bc5 5. Bg2 d6 6. h3 Be6 7. d3 Nd4 8. Nge2
O-O 9. O-O Qd7 10. Kh2 h5 11. a3 c6 12. b4 Bb6 13. f4 Bxh3 14. Bxh3 Ng4+ 15.
Bxg4 Qxg4 16. Nxd4 Bxd4 17. Qxg4 hxg4 18. Bd2 g6 19. Rab1 Kg7 20. Rh1 Rh8+ 21.
Kg2 exf4 22. gxf4 f6 23. Rxh8 Rxh8 24. Rh1 f5 25. Rxh8 Kxh8 26. Kg3 Bf6 27. c5
dxc5 28. bxc5 Kg7 29. e5 Be7 30. d4 Kf7 31. Be3 Ke6 32. Kf2 Bh4+ 33. Ke2 g3 34.
Kd2 g2 35. Kd3 Bg3 36. Ne2 Bh4 37. a4 a6 38. Bg1 Kd5 39. Nc3+ Ke6 40. Ke3 Be1
41. Ne2 Kd5 42. Kf3 Bd2 43. Kxg2 g5 44. Kg3 Be1+ 45. Bf2 Bd2 46. Kf3 Ke6 47.
Be3 g4+ 48. Kf2 Bb4 49. Kg3 Be1+ 50. Bf2 Ba5 51. Kh4 b5 52. cxb6 Kd7 53. Kg5
Bxb6 54. Kxf5 g3 55. Nxg3 Ke7 56. Kg6 Ba7 57. f5 Bb6 58. f6+ Kf8 59. e6 Bd8 60.
f7 a5 61. Be3 Ke7 62. Bg5+ Kf8 63. Bh6+ Ke7 64. f8=Q+ Kxe6 65. Qf7+ Kd6 66.
Bf4# 1-0

[Event "3. ODEM U25 2006"]
[Site "Willingen GER"]
[Date "2006.06.06"]
[Round "5"]
[White "Rau, Hannes"]
[Black "Rittemann, Steffen"]
[Result "1-0"]
[Termination "normal"]
[Board "1"]
[WhiteTitle "IM"]
[WhiteElo "2395"]
[BlackElo "2060"]
[PlyCount "57"]
[WhiteFideId "4657594"]
[BlackFideId "24620009"]
[EventCountry "GER"]
[EventRounds "9"]
[EventType "swiss"]
[EventDate "2006.06.03"]

1. d4 Nf6 2. c4 g6 3. Nc3 Bg7 4. e4 d6 5. Nf3 O-O 6. Be2 Bg4 7. Be3 Nfd7 8. O-O
Nc6 9. d5 Bxf3 10. Bxf3 Nce5 11. Be2 Nb6 12. Qb3 c6 13. dxc6 bxc6 14. c5 dxc5
15. Bxc5 Rb8 16. Rad1 Qc7 17. f4 Nbc4 18. Qc2 Rxb2 19. Qc1 Qa5 20. Bd4 Rfb8 21.
fxe5 Nxe5 22. Kh1 c5 23. Bxe5 Bxe5 24. Nd5 Rxe2 25. Nxe7+ Kg7 26. Nc6 Qxa2 27.
Nxe5 Rxg2 28. Rxf7+ Kg8 29. Qh6 1-0

[Event "3. ODEM U25 2006"]
[Site "Willingen GER"]
[Date "2006.06.06"]
[Round "5"]
[White "Balz, Christian"]
[Black "Stotyn, Fabian"]
[Result "0-1"]
[Termination "normal"]
[Board "2"]
[WhiteElo "1637"]
[BlackElo "2129"]
[PlyCount "56"]
[WhiteFideId "24664367"]
[BlackFideId "24611646"]
[EventCountry "GER"]
[EventRounds "9"]
[EventType "swiss"]
[EventDate "2006.06.03"]

1. e4 e6 2. d4 d5 3. Nc3 Nf6 4. Bg5 Bb4 5. e5 h6 6. exf6 hxg5 7. fxg7 Rg8 8.
Qh5 Qf6 9. O-O-O Qxg7 10. Nb5 Ba5 11. Bd3 a6 12. Na3 Nc6 13. c3 Bd7 14. Qe2 b5
15. b4 Bb6 16. Nc2 Kd8 17. h3 e5 18. dxe5 Nxe5 19. Qd2 c6 20. f3 a5 21. a3 Kc7
22. Re1 Qf6 23. Ne2 axb4 24. axb4 Ra2 25. Ned4 Bxd4 26. cxd4 Nxd3+ 27. Qxd3 Bf5
28. Re7+ Kb6 0-1

[Event "3. ODEM U25 2006"]
[Site "Willingen GER"]
[Date "2006.06.06"]
[Round "5"]
[White "Billing, Christian"]
[Black "Linsenmeyer, Mario"]
[Result "1-0"]
[Termination "normal"]
[Board "3"]
[WhiteElo "2080"]
[BlackElo "2022"]
[PlyCount "91"]
[WhiteFideId "4697294"]
[BlackFideId "24635138"]
[EventCountry "GER"]
[EventRounds "9"]
[EventType "swiss"]
[EventDate "2006.06.03"]

1. e4 g6 2. d4 Bg7 3. Nc3 d6 4. Be3 a6 5. f4 Nd7 6. Nf3 Ngf6 7. Bc4 O-O 8. a4
e5 9. fxe5 dxe5 10. dxe5 Ng4 11. Bg5 Qe8 12. Nd5 Ndxe5 13. Bb3 Kh8 14. h3 f6
15. hxg4 fxg5 16. Nxc7 Nxf3+ 17. gxf3 Qe5 18. Nxa8 Bxg4 19. Rf1 Qg3+ 20. Kd2
Bxf3 21. Qe1 Qf4+ 22. Qe3 Qd6+ 23. Kc1 g4 24. Bd5 Qe5 25. c3 Qh2 26. Kb1 Rxa8
27. Bxb7 Rb8 28. Rf2 Qe5 29. Bd5 Qxc3 30. Qxc3 Bxc3 31. Ra3 g3 32. Rxc3 Bxe4+
33. Bxe4 gxf2 34. Rf3 Re8 35. Bd3 Kg7 36. Bxa6 g5 37. Rxf2 h5 38. b4 g4 39. b5
h4 40. Rf4 Re1+ 41. Kc2 Rg1 42. Bc8 g3 43. Rxh4 Kf6 44. b6 g2 45. Rg4 Ra1 46.
b7 1-0

[Event "3. ODEM U25 2006"]
[Site "Willingen GER"]
[Date "2006.06.06"]
[Round "5"]
[White "Daum, Norman"]
[Black "Willems, Sebastian"]
[Result "1-0"]
[Termination "normal"]
[Board "4"]
[WhiteElo "2150"]
[BlackElo "1886"]
[PlyCount "35"]
[WhiteFideId "4690052"]
[EventCountry "GER"]
[EventRounds "9"]
[EventType "swiss"]
[EventDate "2006.06.03"]

1. e4 d5 2. exd5 Nf6 3. d4 Bg4 4. Nf3 Qxd5 5. Be2 Nc6 6. O-O O-O-O 7. c3 h6 8.
b4 e6 9. Nbd2 Bd6 10. Nc4 Qh5 11. Nxd6+ Rxd6 12. b5 Ne7 13. Ba3 Rd7 14. Qa4 Kb8
15. h3 Ned5 16. Bc5 b6 17. Ne5 Rd6 18. Bxg4 1-0

[Event "3. ODEM U25 2006"]
[Site "Willingen GER"]
[Date "2006.06.06"]
[Round "5"]
[White "Held, Florian"]
[Black "Lantzsch, Christian"]
[Result "1/2-1/2"]
[Termination "normal"]
[Board "5"]
[WhiteElo "2016"]
[BlackElo "2210"]
[PlyCount "107"]
[WhiteFideId "24629090"]
[BlackFideId "4659821"]
[EventCountry "GER"]
[EventRounds "9"]
[EventType "swiss"]
[EventDate "2006.06.03"]

1. e4 c5 2. Nf3 e6 3. d4 cxd4 4. Nxd4 Nc6 5. Nc3 Nf6 6. Ndb5 Bc5 7. Bf4 O-O 8.
Bc7 Qe7 9. Bd6 Bxd6 10. Qxd6 Ne8 11. Qxe7 Nxe7 12. O-O-O f5 13. Nd6 Nxd6 14.
Rxd6 fxe4 15. Nxe4 Nf5 16. Rd2 d5 17. Ng5 Bd7 18. Bd3 Rae8 19. Re1 e5 20. Be4
dxe4 21. Rxd7 e3 22. fxe3 h6 23. Ne4 Rd8 24. Rxd8 Rxd8 25. g4 Nh4 26. Rf1 Ng2
27. Rf3 Rc8 28. c3 Rc4 29. Nf2 Rc6 30. Rg3 Nh4 31. Ne4 g6 32. h3 Kf7 33. Rg1
Ke7 34. Rf1 Ng2 35. Kd2 Ra6 36. Ra1 Nh4 37. Ke2 Rb6 38. b3 Rc6 39. c4 Rc8 40.
Rd1 Rf8 41. Rd5 Nf3 42. Rd1 Nh4 43. Rf1 Rd8 44. Nc3 Rd6 45. Nd5+ Ke8 46. Kd3 b5
47. Ke4 bxc4 48. bxc4 Rc6 49. Rc1 Kf7 50. c5 Ke6 51. Nb4 Rc8 52. Nd3 Nf5 53.
Nxe5 Nd6+ 54. Kd4 1/2-1/2